000 00422nam a2200181Ia 4500
005 20240921120808.0
008 240921s9999||||xx |||||||||||||| ||und||
041 _aENGLISH
082 _A519.3 N5
100 _aRao S S
245 0 _aOptimization
250 _a2nd
260 _c1995
_bNew Age,New Delhi
500 _aTheory and Applications
650 _aOptimization
_bMathematics
942 _cBK
999 _c247566
_d247566